Statistics for International Date Line Countries and Territories

Click here to take the quiz!

General Stats

  • This quiz has been taken 35 times
  • The average score is 13 of 21

Answer Stats

Country% Correct
American Samoa
94%
Tonga
94%
Fiji
91%
Samoa
91%
Marshall Islands
88%
Tuvalu
88%
United States (Alaska and Hawaii)
88%
Kiribati
84%
New Zealand (Kermadec Islands)
78%
Russia (Chukotka and Kamchatka Oblasts)
78%
French Polynesia
75%
Cook Islands
66%
Niue
47%
Wallis and Futuna
44%
Midway Islands
41%
Tokelau
38%
Baker Island
19%
Howland Island
19%
Jarvis Island
19%
Kingman Reef
19%
Palmyra Island
19%

Score Distribution

Percentile by Number Answered

Percent of People with Each Score

Your Score History

You have not taken this quiz